000 00606nas a2200229 4500
001 BR9104259
003 BR-BrBNA
005 20231205092151.0
007 ta
008 230509b bl.|||p| |||| 00| 00por d
040 _aBR-BrBNA
_bpor
_cBiblioteca Nacional de Agricultura
041 _a(Pt)
072 _aF04
100 1 _aAnon.
245 1 _aMinhocultura: fabrica de adubo
650 _aMINHOCA
650 _aADUBO
650 _aHUMUS
773 0 _tGranja do Ano (Brazil)
_xISSN 0367-505X
_g(1989), no. 4 p. 112-119
_wBR9104259
909 _a202311
_bLúcia
_c55
_dLúcia Elande
942 _2AGRIS
_n0
_cANA
999 _c129812
_d129812